<?xml version="1.0" encoding="UTF-8"?>
<collection xmlns="http://www.loc.gov/MARC21/slim">
 <record>
  <leader>00593pamaa2200169   4500</leader>
  <controlfield tag="001">0000029124</controlfield>
  <controlfield tag="005">20060824090000.0</controlfield>
  <datafield tag="020" ind1="0" ind2="0">
   <subfield code="a">019437226X </subfield>
  </datafield>
  <datafield tag="082" ind1=" " ind2=" ">
   <subfield code="a">428.240285 GIT</subfield>
  </datafield>
  <datafield tag="090" ind1="0" ind2="0">
   <subfield code="a">PE1128.A2 </subfield>
   <subfield code="b">GIT 1999</subfield>
  </datafield>
  <datafield tag="100" ind1="1" ind2="0">
   <subfield code="a">GITSAKI </subfield>
  </datafield>
  <datafield tag="245" ind1="1" ind2="0">
   <subfield code="a">Internet english : </subfield>
   <subfield code="b">www-based communication activities  </subfield>
   <subfield code="c">Christina Gitsaki and Richard P. Taylor.</subfield>
  </datafield>
  <datafield tag="260" ind1="0" ind2="0">
   <subfield code="a">Oxford: </subfield>
   <subfield code="b">Oxford University press, </subfield>
   <subfield code="c">1999.</subfield>
  </datafield>
  <datafield tag="300" ind1=" " ind2=" ">
   <subfield code="a">xi, 70p.: </subfield>
   <subfield code="b">ill.col; </subfield>
   <subfield code="c">28cm.</subfield>
  </datafield>
  <datafield tag="650" ind1="0" ind2="0">
   <subfield code="a">Internet (Computer network) problems, exercises, etc. </subfield>
  </datafield>
  <datafield tag="650" ind1="0" ind2="0">
   <subfield code="a">English language textbooks for foreign speakers </subfield>
  </datafield>
  <datafield tag="700" ind1="1" ind2="1">
   <subfield code="a">Taylor, </subfield>
   <subfield code="h">Richard P. </subfield>
  </datafield>
 </record>
</collection>
